000 00640nmc a2200241 a 4500
003 AR-BaBNM
005 20251128211731.0
008 146020s2006 ||||||||||||||000 | spa||
020 _a84-277-1503-X
040 _cAR-BaBNM
100 1 _aUrbieta Jocano, José Ramón
245 1 0 _aEl regalo de sí mismo
_beducarnos para educar
250 _a2ª ed.
260 _aMadrid
_c2006
_bNarcea, S.A. de Ediciones
300 0 _a166 p.
490 0 _aEducadores XXI
650 4 _aFORMACION DE DOCENTES
650 4 _aAUTOEDUCACION
650 4 _aAUTOESTIMA
650 4 _aFINALIDADES DE LA EDUCACION
942 _cBK
998 _cme-solo cat
999 _c20882
_d20882